| 000 | 00470pab a2200157 454500 | ||
|---|---|---|---|
| 008 | 180718b2017 xxu||||| |||| 00| 0 eng d | ||
| 100 | _aBarrera, Juan J. Rodriguez | ||
| 245 | _a"Tightrope of words": self-censorship in Langston Hughes' account of the Spanish civil war in I wonder as I wander | ||
| 260 | _c2017 | ||
| 300 | _ap.172-196. | ||
| 362 | _aApr | ||
| 650 | _aCivil war - Spain | ||
| 650 | _aCivil war | ||
| 773 | _aScience and Society | ||
| 909 | _a114935 | ||
| 999 |
_c114929 _d114929 |
||